Countries A-Z Where You Can Find ... - Statistics

General Stats
  • This quiz has been taken 3,275 times
  • The average score is 20 of 24
Answer Stats
Clue Letter Country % Correct
Kangaroo Island A Australia
99%
[I bet you've typed this country already] Q Qatar
92%
Sultan Qaboos Grand Mosque O Oman
91%
[Taking a nap] Y Yemen
90%
Setting of movie Slumdog Millionaire I India
89%
The world's longest direct rail route R Russia
89%
Livingstone Museum, Livingstone Z Zambia
89%
Ancient Maya city of Copán H Honduras
88%
The world's tallest TV tower J Japan
88%
Volcano of Pichu Pichu P Peru
87%
The island of Viti Levu F Fiji
86%
Setting of novel Pride and Prejudice U United Kingdom
86%
The world's largest church V Vatican City
86%
Ruins of ancient capital Angkor C Cambodia
85%
A place from where you can walk 15 km north or south and end up in Senegal G Gambia
84%
61 cm tall bronze sculpture of a peeing boy B Belgium
82%
5199 m high mountain that gave name to the country K Kenya
81%
Capital that is called Krung Thep in their native tongue T Thailand
81%
Punta Cana resort D Dominican Republic
79%
The country's ”summer capital” Pärnu E Estonia
79%
The oldest desert in the world N Namibia
76%
Half a million Dutch-speaking people 7740 km away from the Netherlands S Suriname
74%
The city of Kaunas L Lithuania
72%
Delta of 3289-km long Salween River M Myanmar
53%
No matching quizzes found
Score Distribution
Percent of People with Each Score
Percentile by Number Answered
Your Score History
You have not taken this quiz